000 06345cam a22018854i 4500
003 PE-LiUPU
005 20250813165517.0
008 180530s2017 ag a r 000 0 spa d
020 _a9500694891
020 _a9789500694896
035 _a(Sirsi) a242135
040 _aPE-LiUPU
_bspa
_cPE-LiUPU
_erda
049 _aPRUA
082 0 4 _a618.1
_bG74
_220
100 1 _aGori, Jorge,
_eautor.
245 1 0 _aGinecología de Gori /
_cJorge Gori, Roberto Castaño y Antonio Lorusso ; coordinador general Mariano Toziano.
250 _a3a Edición.
264 1 _aBuenos Aires :
_bMédica Panamericana,
_c2016.
300 _axviii, 1006 páginas :
_bilustraciones ;
_c28 centímetros
336 _atext
_2rdacontent
337 _aunmediated
_2rdamedia
338 _avolume
_2rdacarrier
504 _aÍndice : páginas 991-1006.
505 0 _aAspectos generales -- Anatomía del aparato genital femenino y de la mama -- Embriología urogenital y mamaria -- Anomalías del desarrollo. Trastornos de la diferenciación sexual --Fisiología sexual femenina -- Principios básicos de biología tumoral -- La atención ginecológica y etapas evolutivas de la mujer -- Rol del ginecólogo en la atención primaria de la salud -- Infancia, pubertad y adolescencia - Menopausia -- Ginecología psicosomática y calidad de vida -- Semiología ginecológica y estudios complementarios en ginecología -- Semiología y estudios complementarios -- Ecografía ginecológica -- Endoscopia ginecológica -- Alteraciones del sangrado uterino -- Hemorragia uterina anormal - Amenorreas -- Trastornos hormonales -- Síndromes hiperandrogénicos y poliquistosis ovárica -- Prolactina e hiperprolactinemia -- Síndrome metabólico e insulinorresistencia -- Patología inflamatoria e infecciosa -- Infecciones no virales del tracto genital femenino -- Infecciones virales del tracto genital inferior femenino -- Enfermedad pelviana inflamatoria o infección del tracto genital superior -- Reproducción humana, gestación y procreación responsable -- Ciclo trifásico -- Reproducción humana - Anticoncepción - Aborto -- Embarazo ectópico -- Enfermedad trofoblástica gestacional -- Endometriosis y adenomiosis -- Patología del ovario y de las trompas uterinas -- Patología del ovario -- Patología tubaria -- Patología uterina -- Miomatosis uterina -- Sarcomas uterinos -- Patología del endometrio -- Patología cervical benigna y lesiones intraepiteliales -- Cáncer invasor de cuello uterino -- Patología vulvar y vaginal -- Patología vulvar -- Patología vaginal -- Urología ginecológica y piso pelviano -- Distopias genitales -- Patología urinaria de la mujer -- Heridas y fístulas genitales -- Patología mamaria -- Semiología y métodos de diagnóstico de la mama -- Patología mamaria benigna -- Cáncer de mama.
526 _aP203
526 _aP200
526 _aSEG65
526 _aSEG64
526 _aSEG63
526 _aSEG62
526 _aSEG61
526 _aSEG60
526 _aSEG59
526 _aSEG58
526 _aSEG57
526 _aSEG56
526 _aSEG55
526 _aSEG54
526 _aSEG53
526 _aSEG52
526 _aSEG51
526 _aSEG50
526 _aSEG49
526 _aSEG48
526 _aSEG47
526 _aSEG46
526 _aSEG24
526 _aSEG23
526 _aSEG22
526 _aSEG21
526 _aSEG20
526 _aSEG19
526 _aSEG18
526 _aSEG17
526 _aSEG16
526 _aSEG14
526 _aSEG13
526 _aSEG12
526 _aSEG11
526 _aSEG10
526 _aSEG09
526 _aSEG06
526 _aSEG05
526 _aSEG04
526 _aSEG03
526 _aSEG02
526 _aSEG68
526 _aSEG66
526 _aSEG45
526 _aSEG25
526 _aSEG01
526 _aP163
526 _aP162
526 _aP161
526 _aP160
526 _aP159
526 _aP158
526 _aP157
526 _aP156
526 _aP155
526 _aP154
526 _aP153
526 _aP152
526 _aP151
526 _aP150
526 _aP149
526 _aP142
526 _aP141
526 _aP140
526 _aP139
526 _aP138
526 _aP137
526 _aP132
526 _aP131
526 _aP130
526 _aP126
526 _aP125
526 _aP124
526 _aP123
526 _aP115
526 _aP122
526 _aP121
526 _aP116
526 _a P114
526 _aP112
526 _aP111
526 _aP104
526 _aP103
526 _aP102
526 _aP101
526 _aP100
526 _aP96
526 _aP95
526 _aP93
526 _aP92
526 _aP91
526 _aP88
526 _aP83
526 _aP82
526 _aP79
526 _aP78
526 _aP75
526 _aP74
526 _aP71
526 _aP69
526 _a P51
526 _aP49
526 _aP48
526 _aP47
526 _aP33
526 _aP31
526 _a P30
526 _aP29
526 _aP27
526 _aP26
526 _aP25
526 _aP24
526 _a P22
526 _aP10
526 _aP09
526 _a P08
526 _aP06
526 _aP05
526 _aP04
526 _aP01
541 _g002-00000056;
541 _gE001-8;
650 0 4 _aGinecología.
650 0 4 _aGynecology.
700 1 _aCastaño, Roberto,
_eautor.
700 1 _aLorusso, Antonio,
_eautor.
700 1 _aToziano, Mariano,
_ecoordinador.
910 _adbm
_bcsm
_ccsm
_d20180530
910 _abgr
_bjpc
_cjpc
_d20190726
942 _2ddc
_cBOOK
994 _aC0
_bPEPRU
596 _a1
999 _a618.1 G74
_wDEWEY
_c27638
_i78713
_d27638
_e2020-3-11
_f2021-11-4
_g4
_lCCODEBUL1
_mBUL
_n4
_p108.00
_q2
_r0
_sY
_tBOOK
_u2018-5-30
_xSALUD
_PP22
_0COMPRA
_1FCOMPRA
_o.STAFF. Colección Ciencias de la Salud
999 _a618.1 G74
_wDEWEY
_c2
_i80420
_f2021-11-4
_g3
_lCCODEBUL1
_mBUL
_p94.00
_r0
_sY
_tBOOK
_u2019-7-26
_xSALUD
_PP22
_0COMPRA
_1FCOMPR3
_o.STAFF. Colección Ciencias de la Salud
980 _81
_gALBERTO SANCHEZ Responsable de Automatización